| 000 | 00860nam a2200217Ii 4500 | ||
|---|---|---|---|
| 003 | JO-AjNU | ||
| 008 | 230605s9999||||xx |||||||||||||| ||und|| | ||
| 017 | _a2008/7/2192 | ||
| 040 |
_aJO-AjNU _bara _erda _cJO-AjNU |
||
| 041 | _aara | ||
| 050 | 1 | 4 | _aBP639.2.A99 2009 |
| 100 | 3 |
_aعزام، طارق صالح يوسف, _eauthor _921394 |
|
| 245 | 0 | 0 | _aأثر العيب في المعاملات المالية :دراسة مقارنة بين الفقه الإسلامي والقانون المدني |
| 250 | _aط1 | ||
| 264 | 3 | 1 | _aعمان: دار النفائس للنشر والتوزيع، 2009 |
| 300 |
_a159ص _bقائمة المراجع ص 143-153 |
||
| 336 |
_atext _btxt _2rdacontent |
||
| 337 |
_aunmediated _bn _2rdamedia |
||
| 338 |
_avolume _bnc _2rdacarrier |
||
| 650 | 4 |
_aالفقه الاسلامي- معاملات- قانون مدني _921395 |
|
| 999 |
_aA7423 _c10991 _d10991 |
||